000 00689nam a22002057a 4500
942 _cBK
999 _c764
_d764
005 20250420134824.0
008 211115b ||||| |||| 00| 0 eng d
020 _a9781316629758
040 _cKCST
082 _a428.24
_bMc En
100 _a McCarthy, Michael
_d1947-
_95303
245 _aEnglish collocations in use :
_bhow words work together for fluent and natural English : self-study and classroom use /
_cMichael McCarthy; Felicity O'Dell
250 _a2
260 _aCambridge :
_bCambridge University Press,
_c2017.
300 _a190 p.
650 _aEnglish language
_vTextbooks for foreign speakers.
_94734
700 _aO'Dell, Felicity
_94924
942 _2ddc